Gramática y ejercicios de idioma /

Guardado en:
Autor Principal: Giusti, Roberto F.
Formato: Libro
Publicado: Argentina : Estrada, 0
Edición:10
Materias:
Etiquetas: Agregar Etiqueta
Sin Etiquetas, Sea el primero en etiquetar este registro!
LEADER 00503nam a22001815a 4500
001 CEM.cems002933
005 19000101000000.0
008 130507b######################000#0#####d
003 CEMS
082 0 4 |a 468 
100 1 |a Giusti, Roberto F. 
245 1 0 |a Gramática y ejercicios de idioma /  |c Roberto F. Giusti 
250 |a 10 
260 |a Argentina :  |b Estrada, 0 
300 |a 281 p. 
653 |a Gramatica 
653 |a Lengua y literatura 
859 |a CEMS  |b BIB. CEMS - 11 de abril  |h 468  |i G448a10/II  |p 1589.74  |t Ej.1